000 00488nam a2200157 i 4500
001 79501
003 ES-MaACL
005 20230906174006.0
007 t|
008 041021s1945 sp ||||1| spa d
100 1 _aHernández-Rubio, José María.
_963042
245 1 0 _aPoetas-soldados españoles
_b: vidas y antología /
_cJosé María Hernández-Rubio.
260 _aMadrid :
_bEditora Nacional,
_c1945 (
_fYagües)
300 _a390 p. ;
_c22 cm.
852 _aES-MaACL
_jA-1101
_bR.33224
999 _c79501
_d79501